00976nam a22002657a 4500003000400000005001700004007000200021008004100023020002700064040006600091050002300157100002800180245009400208260004600302264001000348300006500358336002600423337002800449338003700477504005100514650002200565650002500587650004300612658005500655OSt20260317120735.0a260317b |||||||| |||| 00| 0 eng d a0810927748 (paperback) aFoundation UniversitybengcFoundation UniversitydFULiberda aND 2071b.1989 A33 aAddiss, Stephen,d1935-00aThe art of Zen :bpaintings and calligraphy by Japanese monks, 1600-1925 /cStepen Addiss aNew York :bHarry N. Abrams, Inc.,c1989. 41989. 3resourcea223 pages :bcolor illustrations ;c30 cm.fvolume 2rdacontentatextbtxt 2rdamediaaunmediatedbn 2rdacarrier3resourceavolumebnc aIncludes bibliographical references and index. 2LCaPainting, Zen 2LCaCalligraphy, Zen 2LCaBuddhist art and symbolismzJapan. aFine Arts, Bachelor of :bPainting ;cFA222, FA223